125 berühmte Philosophen - Statistiken

Allgemein
  • Dieses Quiz wurde 288 mal gespielt
  • Das Durchschnittsergebnis liegt bei 31 aus 125
Antwortstatistiken
Name Bereich(e) 🚩 Lebzeit(en) % Korrekt
Immanuel Kant 🔸Erkenntnistheorie🔸Metaphysik 🔸Ethik & Ästhetik 🇩🇪 1724 - 1804
90%
Platon 🔸Idealismus 🇬🇷 427 - 347 v. Chr.
86%
Aristoteles 🔸Lyzeum🔸Universalgelehrter 🇬🇷 384 - 322 v. Chr.
84%
Karl Marx 🔸Sozialismus🔸Ökonomie & Journalismus 🇩🇪🇬🇧 1818 - 1883
82%
Sokrates 🔸Moralphilosophie 🇬🇷 469 - 399 v. Chr.
82%
Friedrich Nietzsche 🔸Sklavenmoral 🇩🇪 1844 - 1900
73%
Friedrich Engels 🔸Marxismus 🇩🇪 🇬🇧 1820 - 1895
67%
Georg Friedrich Wilhelm Hegel 🔸Idealismus 🇩🇪 1770 - 1831
66%
Pythagoras 🔸Mathematik (Flächenberechnung)🔸Naturphilosophie 🇬🇷 570 - 495 v. Chr.
63%
Arthur Schopenhauer 🔸Pessimismus🔸Frauenfeindlichkeit 🇵🇱🇩🇪 1788 - 1860
53%
Konfuzius 🔸5 Tugenden🔸3 soziale Pflichten 🔸Konfuzianismus 🇨🇳 561 - 479 v. Chr.
53%
René Descartes 🔸Mathematik🔸Naturwissenschaft 🔸Rationalismus 🔸Dualismus 🇫🇷 1596 - 1650
53%
Thomas von Aquin 🔸Theologie🔸 Scholastik 🔸Thomismus 🇮🇹 1225 - 1274
51%
Jean - Jacques Rousseau 🔸Rückkehr zu Tugenden 🇫🇷 1712 - 1778
50%
Jean Paul Sartre 🔸Existenzialismus 🇫🇷 1905 - 1980
50%
John Locke 🔸Empirismus🔸Liberalismus 🇬🇧 1632 - 1704
50%
Martin Luther 🔸Reformation 🇩🇪 1483 - 1556
49%
Adam Smith 🔸Moralphilosophie🔸Nationalökononie 🔸Aufklärung 🏴󠁧󠁢󠁳󠁣󠁴󠁿 1723 - 1790
46%
Theodor W. Adorno 🔸"Frankfurter Schule" 🇩🇪 🇨🇭 1903 - 1969
46%
Voltaire 🔸Aufklärung🔸Glaubensfreiheit & Toleranz 🔸Menschenwürde 🇫🇷 1694 - 1778
46%
Thomas Hobbes 🔸Kontraktualismus🔸Mensch = Maschine 🇬🇧 1588 - 1679
44%
Averroes / Ibn Ruschd 🔸Universalgelehrter🔸Jurist 🔸Rationalismus 🇪🇸 1126 - 1198
43%
Diogenes 🔸Kyniker 🇬🇷 404 - 323 v. Chr.
42%
Hannah Arendt 🔸Existenzphilosophie 🇩🇪 🇺🇸 1906 - 1975
41%
Ludwig Wittgenstein 🔸 Sprachphilosophie🔸 Logik & Mathematik 🇦🇹 1889 - 1951
41%
Niccolo Machiavelli 🔸Realismus 🇮🇹 1469 - 1527
41%
Epikur 🔸Physik & Ethik 🔸Kanonik 🇬🇷 341 - 270 v. Chr.
40%
Galileo Galilei 🔸Fallgesetze 🇮🇹 1564 - 1642
40%
Seneca 🔸Stoa 🇮🇹 4 v. Chr. - 65 n. Chr.
38%
Leo Strauss 🔸politische Philosophie 🇩🇪 🇺🇸 1899 - 1973
37%
Thales von Milet 🔸Vorsokratiker🔸Naturphilosophie 🇬🇷 624 - 547 v. Chr.
37%
Cicero 🔸Naturrecht 🔸Menschenverstand 🔸Rhetorik 🔸Stoa 🔸Humanismus 🇮🇹 106 - 43 v. Chr.
36%
David Hume 🔸Empirismus🔸Skeptizismus 🔸Naturalismus 🔸Moral 🇬🇧 1711 - 1776
35%
Sören Kierkegaard 🔸Existenzialismus 🇩🇰 1813 - 1855
34%
Erasmus von Rotterdam 🔸religiöse Toleranz 🇳🇱 1466 - 1536
33%
Baruch de Spinoza 🔸Rationalismus🔸Aufklärung 🇳🇱 1632 - 1677
32%
Matin Heidegger 🔸Fundamentalontologie 🇩🇪 1889 - 1976
32%
Alighieri Dante 🔸Dichter🔸Mittelalter - Philosoph 🇮🇹 1265 - 1321
31%
Gottfried Wilhelm Leibniz 🔸Universalgelehrter🔸Optimismus & Historik 🔸Mathematik 🇩🇪 1646 - 1716
31%
Heraklit 🔸Naturwandel 🇬🇷 540 - 480 v. Chr.
31%
Johann Gottlieb Fichte 🔸Idealismus🔸Dogmatismus 🇩🇪 1762 - 1814
29%
Anselm von Canterbury 🔸Scholastik 🇮🇹 🇬🇧 1033 - 1109
27%
Charles de Montesquieu 🔸Gewaltenteilung 🇫🇷 1689 - 1755
27%
Friedrich Schelling 🔸Idealismus🔸romantische Medizin 🇩🇪🇨🇭 1775 - 1854
27%
John Stuart Mill 🔸Utilitarianismus🔸Liberalismus 🇬🇧 1806 - 1873
27%
Ludwig Feuerbach 🔸Materialismus🔸dialekt. Methode 🇩🇪 1804 - 1872
27%
Jürgen Habermas 🔸Soziologie & Moral 🇩🇪 *1929
26%
Max Horkheimer 🔸Dialektik🔸"Frankfurter Schule" 🇩🇪 1895 - 1973
26%
Augustinus von Hippo 🔸Gnadenlehre 🇩🇿 354 - 430
24%
Demokrit 🔸Atomtheorie 🇬🇷 460 - 370 v. Chr.
24%
Francis Bacon 🔸Empirismus 🇬🇧 1561 - 1626
24%
Jeremy Bentham 🔸Utilitarianismus 🇬🇧 1748 - 1832
24%
Karl Jaspers 🔸Existenzphilosophie🔸Psychiater 🇩🇪 🇨🇭 1883 - 1969
24%
Karl Popper 🔸Falsifikationismus🔸 krit. Rationalismus 🔸Pluralismus 🇦🇹🇬🇧 1902 - 1994
24%
Roger Bacon 🔸Hochscholastik 🇬🇧 1214 - 1294
24%
Rudolf Steiner 🔸Anthroposophie🔸Waldorfpädagogik 🔸Sozialreform & Esoterik 🇦🇹 1861 - 1925
24%
Thomas Morus 🔸Sozialphilosophie🔸Humanismus 🇬🇧 1478 - 1535
24%
Ulrich Zwingli 🔸Reformator 🇨🇭 1484 - 1531
24%
Johannes Calvin 🔸Kirchenzucht🔸"Genfer Katechismus" 🇫🇷 1509 - 1564
23%
Richard David Precht 🔸Kritik an Schul, - & Bildungssystem 🇩🇪 *1964
22%
Bertrand Russell 🔸Mathematik🔸Neurealismus 🇬🇧 1872 - 1970
21%
Giordano Bruno 🔸Unendlichkeit des Universums 🇮🇹 1548 -1600
21%
Herbert Marcuse 🔸Soziologie🔸Neo - Marxismus 🇩🇪🇺🇸 1898 - 1979
21%
Theodor Lessing 🔸Pessimismus🔸Zionismus 🇩🇪🇨🇿 1872 - 1933
20%
Gottlob Frege 🔸Analytik & Mathematik 🇩🇪 1848 - 1925
19%
Blaise Pascal 🔸Dogmatismus🔸Rationalismus 🇫🇷 1623 - 1662
18%
Moses Mendelssohn 🔸Aufklärung 🇩🇪 1729 - 1786
18%
Protagoras 🔸Relativismus 🇬🇷 490 - 411 v. Chr.
18%
Edmund Husserl 🔸Intentionalität🔸Phänomenologie 🇦🇹🇩🇪 1859 - 1938
17%
Epiktet 🔸Stoa & Moral 🇬🇷 50 - 138
17%
Paul - Michel Foucault 🔸Diskursanalyse 🇫🇷 1926 - 1984
17%
William James 🔸Pragmatismus🔸radikaler Empirismus 🇺🇸 1842 - 1910
17%
Alkuin von York 🔸Scholastik 🇬🇧 730 - 804
15%
Dionysios 🔸Reinigung & Erleuchtung durch Gott 🇬🇷 500 v. Chr.
15%
Ernst Bloch 🔸"Frankfurter Schule" 🇩🇪 1885 - 1977
15%
Giovanni Pico della Mirandola 🔸Menschenwürde 🇮🇹 1463 - 1494
15%
Walter Benjamin 🔸Marxismus🔸histor. Materialismus 🇩🇪 🇪🇸 1892 - 1940
15%
Nikolaus von Kues 🔸Scholastik🔸Mystik & Metaphysik 🇩🇪🇮🇹 1401 - 1464
14%
Wilhelm von Ockham 🔸Nominalismus🔸Konzeptualismus 🇬🇧 1280 - 1347
14%
Claudius Ptolemäus 🔸geozentrisches Weltbild🔸Skeptiker & Universalgenie 🇬🇷 87 - 150
13%
Henri Bergson 🔸Lebensphilosophie🔸Existenzialismus 🇫🇷 1859 - 1941
13%
Aegidius von Rom (Romanus) 🔸Scholastik 🇮🇹 1243 - 1316
12%
Aristarchos von Samos 🔸Astronomie🔸Mathematik 🇬🇷 310 - 230 v. Chr.
12%
Edmund Burke 🔸Konservatismus 🇮🇪 1729 - 1797
12%
Eusebius von Caesarea 🔸Kirchengeschichte 🇬🇧 260 - 337
12%
George Berkeley 🔸Sensualismus 🇬🇧 1685 - 1753
12%
Alfred Whitehead 🔸Logik & Mathematik 🇬🇧 1861 - 1947
11%
Archytas von Tarent 🔸Vorsokratiker🔸Mathematik 🔸Pythagoreer 🇬🇷 428 - 347 v. Chr.
11%
Jacques Derrida 🔸Dekonstruktion🔸Phänomenologie 🔸Poststrukturalismus 🇩🇿🇫🇷 1930 - 2004
11%
Johannes von Salisbury 🔸Theologie & Staatstheorie🔸Scholastik 🇬🇧 1120 - 1180
11%
John Fortescue 🔸Macht des Königs 🇬🇧 1394 - 1476
11%
Parmenides 🔸Vorsokratiker 🇬🇷 515 - 445 v. Chr.
11%
Petrus Ramus 🔸Humanismus 🇫🇷 1517 - 1572
11%
Mary Wollstonecraft 🔸Frauenrechte🔸Feminismus 🇬🇧 1759 - 1797
10%
Zenon von Elea 🔸Vorsokratiker🔸Argumentation 🇬🇷 490 - 430 v. Chr.
9%
Zenon von Kition 🔸Stoizismus🔸Nominalismus 🇬🇷 336 - 264 v. Chr.
9%
Adelard von Bath 🔸Scholastik 🇬🇧 1090 - 1160
8%
Auguste Comte 🔸Positivismus🔸Nächstenliebe 🇫🇷 1798 - 1857
8%
Christian Wolff 🔸dt. Aufklärung🔸Universalgelehrter 🔸Mathematik & Naturrecht 🇵🇱🇩🇪 1679 - 1754
8%
Paul Lorenzen 🔸method. Konstruktivismus🔸Propädeutik 🇩🇪 1915 - 1994
8%
Pyrrhon von Elis 🔸Skepsis 🇬🇷 360 - 270 v. Chr.
8%
Xenophanes 🔸Götter🔸Wissen & Wahrheit 🇬🇷 570 - 470 v. Chr.
8%
Michel de Montaigne 🔸Skeptizismus 🇫🇷 1533 - 1592
7%
Proklos 🔸Neuplatonismus 🇬🇷 412 - 485
7%
Gregor von Nyssa 🔸christl. Philosophie 🇬🇷 335 - 394
6%
Nicolai Hartmann 🔸Fundamentaloge 🇱🇻 🇩🇪 1882 - 1950
6%
Alkmaion von Kroton 🔸Natur 🇬🇷 500 v. Chr.
5%
Johannes Duns Scotus 🔸Hochscholastik 🏴󠁧󠁢󠁳󠁣󠁴󠁿 1266 - 1308
5%
Plotinus 🔸Neuplatonismus 🇬🇷 205 - 270
5%
Rudolf Eucken 🔸Lebensphilosophie🔸schöpferischer Aktivismus 🇩🇪 1846 - 1926
5%
Tommaso Campanella 🔸"Sonnenstaat" - Utopie 🇮🇹 1568 - 1639
5%
Johannes Althusius 🔸Autonomie 🇩🇪 1563 - 1638
4%
Lorenzo Valla 🔸Humanismus 🇮🇹 1406 - 1457
4%
Marshall McLuhan 🔸Popkultur Manipulation 🍁 1911 - 1980
4%
John Dewey 🔸Pragmatismus 🇺🇸 1859 - 1952
3%
Kleanthes 🔸Stoiker🔸Pantheismus 🇬🇷 331 - 251 v. Chr.
3%
Martianus Capella 🔸Neuplatonik🔸Trivium & Quadrivium 🇮🇹 350 - 400
2%
Johannes Reuchlin 🔸Humanismus 🇩🇪 1455 - 1522
1%
Marsilio Ficino 🔸Platonismus 🇮🇹 1433 - 1499
1%
Petrus Abaelard 🔸Scholastik 🇫🇷 1079 - 1142
1%
Arkesilaos 🔸Urteilsenthaltung 🇬🇷 316 - 241 v. Chr.
0%
Chrysippos 🔸Stoa 🇬🇷 276 - 204 v. Chr.
0%
Porphyrios 🔸Neuplatonismus 🇬🇷 234 - 304
0%
Speusippos 🔸1. Enzyklopädie 🇬🇷 408 - 339 v. Chr.
0%
Theophrastos 🔸Naturkausalität 🇬🇷 371 - 287 v. Chr.
0%
Keine übereinstimmenden Quizze gefunden
Verteilung der Resultate
Anzahl Personen mit jedem Resultat
Perzentil nach korrekt beantworteten Fragen
Ihre Resultats-Entwicklung
Sie haben dieses Quiz noch nicht gespielt